| 000 | 00533nam a2200205Ia 4500 | ||
|---|---|---|---|
| 008 | 130729s9999 xx 000 0 und d | ||
| 020 | _a1860946437 | ||
| 072 | _aIntroductionTo The Basics Of Complex Analysis | ||
| 082 | _a515 | ||
| 082 | _bW644 | ||
| 100 |
_aWilde,Francis Ivan _9878 |
||
| 245 | _aLecture Notes on Complex Analysis | ||
| 245 | _cWilde,Francis Ivan | ||
| 260 | _aLondon | ||
| 260 | _bImperial College Press | ||
| 260 | _c2006 | ||
| 300 | _a229 | ||
| 300 | _fIllustration,index & reference | ||
| 942 | _cBK | ||
| 999 |
_c6700 _d6700 |
||